000 00694nam a2200229 a 4500
001 BRCA_8401
005 20190320210250.0
008 960329s2013----mx-a#####b---#001-0aspa-d
020 _a9786078295074 (RM)
020 _a9788415118688 (RM Verlag)
041 _aspa
044 _amx
050 4 _aND259.K3
_b.F75 2013
245 1 0 _aFrida by Ishiuchi
_cfotografías Ishiuchi Miyako ; textos Carlos Phillips ... [et al.].
260 _aMéxico
_bRM
_c2013
300 _a114 p.
_bil. a color
_c29 cm.
600 1 4 _aKahlo, Frida
_d1907-1954
_94922
650 1 4 _aPintoras
_ySiglo XX
_zMéxico
_94923
700 1 _aMiyako, Ishiuchi
_eil.
_921032
700 1 _aPhillips, Carlos
_921033
942 _2lcc
_cB
999 _c8069
_d8069